ՀՀ Գիտությունների ազգային ակադեմիայի հիմնարար գիտական գրադարան  =   Fundamental Scientific Library of NAS RA

Հաճը՜նը սիրուն ։ (Record no. 423852)

MARC details
000 -LEADER
fixed length control field 00878nam a2200217 a 4500
003 - CONTROL NUMBER IDENTIFIER
control field AM-YeHGA
040 ## - CATALOGING SOURCE
Original cataloging agency AM-YeHGA
090 ## - LOCALLY ASSIGNED LC-TYPE CALL NUMBER (OCLC); LOCAL CALL NUMBER (RLIN)
-- 426303
005 - DATE AND TIME OF LATEST TRANSACTION
control field 20250617155006.0
008 - FIXED-LENGTH DATA ELEMENTS--GENERAL INFORMATION
fixed length control field 181025s2017 cauao||gr|||||00||0|arm||
041 0# - LANGUAGE CODE
Language code of text/sound track or separate title arm
100 0# - MAIN ENTRY--PERSONAL NAME
Personal name Վահագն, Սարգիս,
Dates associated with a name 1927-
245 ## - TITLE STATEMENT
Title Հաճը՜նը սիրուն ։
Remainder of title Վէպ /
Statement of responsibility, etc. Ս․ Վահագն ; Սրբագրողներ՝ Լ․ Քեհէեան, Հ․ Փաթափութեան․
260 ## - PUBLICATION, DISTRIBUTION, ETC.
Place of publication, distribution, etc. Լոս Անճելըս ։
Name of publisher, distributor, etc. Առանց հրատարակչի,
Date of publication, distribution, etc. 2017․
300 ## - PHYSICAL DESCRIPTION
Extent 432 էջ ։
Other physical details գունավոր նկար, լուսանկար ;
Dimensions 23 սմ․
504 ## - BIBLIOGRAPHY, ETC. NOTE
Bibliography, etc. note Բառարան՝ էջ 427-429։
650 14 - SUBJECT ADDED ENTRY--TOPICAL TERM
Topical term or geographic name entry element Սփյուռքահայ արձակ
700 1# - ADDED ENTRY--PERSONAL NAME
Personal name Քեհէեան, Լիլիթ
Relator term սրբագրիչ
Relationship crr
700 1# - ADDED ENTRY--PERSONAL NAME
Personal name Փաթափութեան, Հայկուհի
Relator term սրբագրիչ
Relationship crr
942 ## - ADDED ENTRY ELEMENTS (KOHA)
Source of classification or shelving scheme Universal Decimal Classification
Koha item type Գրքեր / Books
Holdings
Withdrawn status Lost status Source of classification or shelving scheme Damaged status Not for loan Collection Home library Current library Date acquired Total checkouts Full call number Barcode Date last seen Price effective from Koha item type Public note
    Universal Decimal Classification     General Fundamental Scientific Library Fundamental Scientific Library 25/06/2019   AII/104998 FL0590733 25/06/2019 25/06/2019 Գրքեր / Books 30 Days Loan


ՀՀ ԳԱԱ հիմնարար գիտական գրադարան
ՀՀ,Երևան 0019
Մարշալ Բաղրամյան 24/6
հեռախոս:(374-10) 52-47-50
Հետադարձ կապ

All site content, except where otherwise noted, is licensed under a
Creative Commons License